Light (Record no. 15810)

000 -LEADER
fixed length control field 00520nam a22002051 4500
001 - CONTROL NUMBER
control field 15810
003 - CONTROL NUMBER IDENTIFIER
control field BD-DhUET
008 - FIXED-LENGTH DATA ELEMENTS--GENERAL INFORMATION
fixed length control field 921020s1963 enk 000 0 eng d
040 ## - CATALOGING SOURCE
Original cataloging agency DLC
Transcribing agency DLC
Modifying agency BD-DhUET
082 ## - DEWEY DECIMAL CLASSIFICATION NUMBER
Classification number 535
Item number DIT/1963
100 1# - MAIN ENTRY--PERSONAL NAME
Personal name Ditchburn, R. W.
245 10 - TITLE STATEMENT
Title Light
250 ## - EDITION STATEMENT
Edition statement 2nd ed.
260 ## - PUBLICATION, DISTRIBUTION, ETC. (IMPRINT)
Place of publication, distribution, etc. London
Name of publisher, distributor, etc. Blackie & Son
Date of publication, distribution, etc. 1963
300 ## - PHYSICAL DESCRIPTION
Extent xii, 833 p.
Other physical details ill.
490 ## - SERIES STATEMENT
Series statement Titles in the E. L. B. S. Low-Priced textbook series
504 ## - BIBLIOGRAPHY, ETC. NOTE
Bibliography, etc Includes bibliographies
650 #0 - SUBJECT ADDED ENTRY--TOPICAL TERM
Topical term or geographic name as entry element Light
942 ## - ADDED ENTRY ELEMENTS (KOHA)
Koha item type General Book
Holdings
Koha normalized classification for sorting Date acquired Location (home branch) Koha item type Withdrawn status Sublocation or collection (holding branch) Koha date last seen Koha full call number Damaged status Piece designation (barcode) Shelving location Not for loan Source of classification or shelving scheme Price effective from Lost status Copy number
535_000000000000000_DIT_19632015-03-15Central Library, BUETGeneral Book Central Library, BUET2015-03-15535/DIT/1963 13453Circulation section  2015-03-15 1
535_000000000000000_DIT_19632015-03-19Central Library, BUETGeneral Book Central Library, BUET2015-03-19535/DIT/1963 13450Circulation section  2015-03-19 2
535_000000000000000_DIT_19632015-03-19Central Library, BUETGeneral Book Central Library, BUET2015-03-19535/DIT/1963 20826Circulation section  2015-03-19 3
535_000000000000000_DIT_19632015-03-21Central Library, BUETGeneral Book Central Library, BUET2015-03-21535/DIT/1963 16978Circulation section  2015-03-21 4
535_000000000000000_DIT_19632015-03-21Central Library, BUETGeneral Book Central Library, BUET2015-03-21535/DIT/1963 13451Circulation section  2015-03-21 5
535_000000000000000_DIT_19632015-03-21Central Library, BUETGeneral Book Central Library, BUET2015-03-21535/DIT/1963 20825Circulation section  2015-03-21 6
535_000000000000000_DIT_19632015-03-21Central Library, BUETGeneral Book Central Library, BUET2015-03-21535/DIT/1963 5241Circulation section  2015-03-21 7
535_000000000000000_DIT_19632015-03-21Central Library, BUETGeneral Book Central Library, BUET2015-03-21535/DIT/1963 13452Circulation section  2015-03-21 8